000 00664cam a22002413a 4500
001 21992
003 PGUSA
005 20140828083452.0
008 070719s2007||||xxu|||||s|||||000 | eng d
040 _aPGUSA
_beng
042 _adc
050 4 _aBR
100 1 _aFosdick, Harry Emerson,
_d1878-1969
245 1 0 _aChristianity and Progress
_h[electronic resource] /
_cHarry Emerson Fosdick
260 _bProject Gutenberg,
_c2007
506 _aPublic domain in the USA.
516 _aElectronic text
653 _aChristianity
653 _aProgress
830 0 _aProject Gutenberg
_v21992
856 4 0 _uhttp://www.gutenberg.org/ebooks/21992
942 _cEB
999 _c251247
_d251247